00000000nam 2200000zi 4500
0019.942539
003CaOODSP
00520250120125436
006m     o  d f      
007cr |||||||||||
008240828t20242018onc     o    f000 0 eng d
020 |a9780660733715
040 |aCaOODSP|beng|erda|cCaOODSP
043 |an-cn---
0861 |aCP22-153/2024E-PDF
24500|aSubmission guide for Governor in Council appointments.
264 1|aOttawa : |bGovernment of Canada = Gouvernement du Canada, |c2024.
264 4|c©2018
300 |a1 online resource (11 pages)
336 |atext|btxt|2rdacontent
337 |acomputer|bc|2rdamedia
338 |aonline resource|bcr|2rdacarrier
500 |aIssued also in French under title: Guide concernant les présentations pour les nominations du gouverneur en conseil.
520 |a"The purpose of this guide is to provide Government of Canada officials with a better understanding of Governor in Council appointments and the guidelines to follow as they relate to submitting an appointment for Governor in Council approval"--Introduction, page 1.
650 0|aGovernment executives|xSelection and appointment|zCanada.
650 0|aExecutive departments|xOfficials and employees|zCanada.
651 0|aCanada|xOfficials and employees|xSelection and appointment.
7101 |aCanada. |bPrivy Council Office, |eissuing body.
77508|tGuide concernant les présentations pour les nominations du gouverneur en conseil.|w(CaOODSP)9.942540
795 |tGovernor in Council appointments procedures guide |w(CaOODSP)9.832839
85640|qPDF|s294 KB|uhttps://publications.gc.ca/collections/collection_2025/bcp-pco/CP22-153-2024-eng.pdf
8564 |qHTML|sN/A|uhttps://www.canada.ca/en/privy-council/programs/appointments/submission-guide-governor-council.html